| 000 | 00626nam a22001697a 4500 | ||
|---|---|---|---|
| 999 |
_c6863 _d6863 |
||
| 003 | GBCCL | ||
| 005 | 20241126110614.0 | ||
| 008 | 180702b ||||| |||| 00| 0 eng d | ||
| 040 | _cgbc | ||
| 082 |
_a220.52042 _bBIB |
||
| 245 |
_aThe Holy Bible containing the Old and New Testaments _c[translated from the original tongues being the version set forth A.D. 1611. compared with the most ancient authorities and revised A.D. 1952 |
||
| 250 | _aRev. standard version | ||
| 260 |
_bThomas Nelson & Sons, _aNew York: _c1952 |
||
| 300 |
_aviii, 981, 32 p.; _bcol. maps, _c20 cm. |
||
| 650 |
_aBible _xEnglish _912272 |
||
| 942 |
_2ddc _cREF |
||